[Event "Ch BLR 2014"]
[Site "?"]
[Date "2014.01.12"]
[Round "6.3"]
[White "Ziaziulkina, Nastassia"]
[Black "Zhigalko, Andrey"]
[Result "1/2-1/2"]
[WhiteElo "2386"]
[BlackElo "2619"]
[PlyCount "118"]
[EventDate "2014.??.??"]

1. e4 c5 2. Nf3 e6 3. d4 cxd4 4. Nxd4 Nc6 5. Nc3 Qc7 6. Be3 a6 7. Qd2 Nf6 8. f4
Bb4 9. Bd3 Na5 10. a3 Bxc3 11. Qxc3 Qxc3+ 12. bxc3 d5 13. exd5 Nxd5 14. Bd2 Nb6
15. O-O Nbc4 16. Be1 O-O 17. Nb3 b5 18. a4 Bd7 19. axb5 axb5 20. Bf2 Rfc8 21.
Rfb1 Nb7 22. Bd4 Bc6 23. Rxa8 Rxa8 24. Ra1 Rxa1+ 25. Nxa1 f6 26. Nb3 e5 27.
fxe5 fxe5 28. Ba7 Kf7 29. Kf2 Nbd6 30. Bxc4+ Nxc4 31. Nc5 g5 32. Nd3 h5 33. Be3
Kf6 34. Bc1 e4 35. Nb4 Bb7 36. Be3 Nxe3 37. Kxe3 Ke5 38. c4 bxc4 39. c3 h4 40.
Nc2 Bc8 41. Na3 Kd5 42. Nb5 Bd7 43. Nd4 Ba4 44. Kd2 Ke5 45. Ke3 Be8 46. Nc2 Ba4
47. Nd4 Kd5 48. Kd2 Ke5 49. Ke3 Bd7 50. Nc2 Be8 51. Nd4 Ba4 52. Kd2 Bb3 53. Ne2
Ba2 54. Ke3 Bb1 55. Nd4 Bd3 56. Nc6+ Kd6 57. Nd4 Kd5 58. Nb5 Bf1 59. Kf2 Bd3
1/2-1/2

[Event "Ch BLR 2014"]
[Site "?"]
[Date "2014.01.12"]
[Round "6.5"]
[White "Nikitenko, Mihail"]
[Black "Kupreichik, Viktor"]
[Result "1-0"]
[WhiteElo "2101"]
[BlackElo "2455"]
[PlyCount "123"]
[EventDate "2014.??.??"]

1. e4 c5 2. Nf3 d6 3. d4 cxd4 4. Nxd4 Nf6 5. Nc3 Bd7 6. Bg5 e6 7. Qd3 a6 8.
O-O-O Nc6 9. f4 h6 10. Bh4 g5 11. Nxc6 Bxc6 12. Bg3 Nh5 13. f5 Nxg3 14. Qxg3
Qd7 15. Be2 O-O-O 16. fxe6 fxe6 17. e5 d5 18. Ne4 Qe7 19. Nd6+ Kb8 20. Rhf1 Rh7
21. Bd3 Rg7 22. Qf3 g4 23. Qf4 Qg5 24. Qxg5 hxg5 25. Nf7 Rc8 26. Nh6 g3 27.
hxg3 g4 28. Rf6 Be7 29. Rxe6 Bd7 30. Nf5 Bg5+ 31. Kb1 Rf7 32. Rg6 Rxf5 33. Bxf5
Bxf5 34. Rxg5 Bxc2+ 35. Kc1 Bxd1+ 36. Kxd1 Rc4 37. e6 Rd4+ 38. Kc2 Kc7 39. Re5
Kd8 40. e7+ Ke8 41. b3 b5 42. Kc3 Rd1 43. Kb4 Rd2 44. Kc5 Rxg2 45. Kd6 Rh2 46.
Rg5 Rh6+ 47. Kxd5 Rh2 48. a4 Rd2+ 49. Ke6 Re2+ 50. Re5 Rh2 51. axb5 axb5 52.
Kf5 b4 53. Re4 Rb2 54. Re3 Rc2 55. Kxg4 Rb2 56. Kf3 Rb1 57. g4 Rf1+ 58. Kg2 Rb1
59. g5 Rc1 60. g6 Rc2+ 61. Kh3 Rc1 62. g7 1-0

[Event "Ch BLR 2014"]
[Site "?"]
[Date "2014.01.12"]
[Round "6.6"]
[White "Kocheev, Aleksandr"]
[Black "Smirnov, Valerij"]
[Result "1/2-1/2"]
[WhiteElo "2391"]
[BlackElo "2327"]
[PlyCount "99"]
[EventDate "2014.??.??"]

1. e4 c5 2. Nf3 d6 3. c3 Nf6 4. Be2 g6 5. O-O Bg7 6. Re1 O-O 7. Bf1 Nc6 8. d4
cxd4 9. cxd4 Bg4 10. d5 Ne5 11. Nbd2 Qa5 12. h3 Bxf3 13. gxf3 Nh5 14. f4 Nxf4
15. Re3 Qc7 16. Nf3 Qd7 17. Rb3 Nxf3+ 18. Qxf3 Nh5 19. Be3 b6 20. a4 Rab8 21.
Bb5 Qd8 22. Qe2 Nf6 23. Bd4 Nd7 24. Bxg7 Kxg7 25. Rc1 Nc5 26. Re3 e5 27. dxe6
Nxe6 28. Rd1 Qf6 29. Kh1 Nd4 30. Qd2 Nxb5 31. axb5 Rbc8 32. Rc3 Rc5 33. Rxc5
dxc5 34. Qc3 Re8 35. f3 Re5 36. Rd7 Qe6 37. Rxa7 Kh6 38. Qe3+ Kg7 39. Kh2 Rh5
40. f4 Qd6 41. e5 Qe6 42. Rc7 Rf5 43. b3 g5 44. Rc6 Qe7 45. e6 Rxf4 46. Kg2 Rf6
47. Qe5 Qd8 48. e7 Qd2+ 49. Kg1 Qd1+ 50. Kh2 1/2-1/2

[Event "Ch BLR 2014"]
[Site "?"]
[Date "2014.01.12"]
[Round "6.7"]
[White "Kovalev, Vladislav"]
[Black "Teterev, Vitaly"]
[Result "1/2-1/2"]
[WhiteElo "2562"]
[BlackElo "2507"]
[PlyCount "40"]
[EventDate "2014.??.??"]

1. e4 c5 2. Nf3 e6 3. d4 cxd4 4. Nxd4 Nc6 5. Nc3 Qc7 6. Be3 a6 7. Qd2 Nf6 8.
O-O-O Be7 9. f3 b5 10. g4 O-O 11. g5 Nh5 12. Nce2 Rd8 13. Ng3 Nxd4 14. Qxd4 Nf4
15. h4 Bb7 16. Qb6 Qb8 17. Kb1 d5 18. Bxf4 Qxf4 19. Qxb7 Bc5 20. exd5 Qxg3
1/2-1/2

[Event "Ch BLR 2014"]
[Site "?"]
[Date "2014.01.13"]
[Round "7.1"]
[White "Smirnov, Valerij"]
[Black "Ziaziulkina, Nastassia"]
[Result "0-1"]
[WhiteElo "2327"]
[BlackElo "2386"]
[PlyCount "116"]
[EventDate "2014.??.??"]

1. d4 d5 2. Nf3 Nf6 3. c4 c6 4. e3 Bf5 5. Nc3 e6 6. Nh4 Bg6 7. Be2 Nbd7 8. O-O
Ne4 9. g3 Bd6 10. Nxg6 hxg6 11. Nxe4 dxe4 12. Qc2 Nf6 13. b4 Qd7 14. c5 e5 15.
f4 exf3 16. Bxf3 Bc7 17. b5 O-O 18. bxc6 bxc6 19. Qg2 Nd5 20. Bd2 exd4 21. exd4
Bd8 22. Bxd5 cxd5 23. Rac1 Qc6 24. Bf4 Bf6 25. Be5 Bxe5 26. dxe5 Rae8 27. Rfe1
Re6 28. Qb2 Rfe8 29. Qc3 Qc7 30. Qd4 Rxe5 31. Rxe5 Qxe5 32. Qxe5 Rxe5 33. c6
Re8 34. Rc5 Rc8 35. Rxd5 Rxc6 36. Ra5 a6 37. h4 Rf6 38. Kg2 Kf8 39. g4 Ke7 40.
Kg3 Kd7 41. g5 Rc6 42. Kh3 Kc7 43. Ra3 Rd6 44. Rf3 Rd7 45. Rb3 Kc6 46. Rb8 Rd3+
47. Kg4 Rd4+ 48. Kg3 Kd5 49. Rb7 Ke6 50. Rb6+ Rd6 51. Rb3 Rc6 52. Rb7 Rc3+ 53.
Kg4 Ra3 54. Rb6+ Ke5 55. Rb7 f5+ 56. gxf6 gxf6 57. Rg7 Ra4+ 58. Kg3 Kf5 0-1

[Event "Ch BLR 2014"]
[Site "?"]
[Date "2014.01.13"]
[Round "7.3"]
[White "Zhigalko, Andrey"]
[Black "Nikitenko, Mihail"]
[Result "1-0"]
[WhiteElo "2619"]
[BlackElo "2101"]
[PlyCount "69"]
[EventDate "2014.??.??"]

1. c4 Nf6 2. Nc3 e5 3. g3 d5 4. cxd5 Nxd5 5. Bg2 Nb6 6. d3 Be7 7. Nf3 Nc6 8.
O-O O-O 9. a3 Kh8 10. b4 Be6 11. Bb2 f6 12. Ne4 a5 13. Nc5 Bxc5 14. bxc5 Nd7
15. d4 e4 16. Nd2 f5 17. Nxe4 fxe4 18. d5 Bf5 19. dxc6 bxc6 20. Rc1 Qe7 21. Rc4
Nf6 22. Qa4 e3 23. Qxc6 Rab8 24. Bd4 exf2+ 25. Bxf2 Qxe2 26. Rf4 Nh5 27. Rf3
Qe5 28. Re1 Qb2 29. Qxc7 Bg4 30. Rxf8+ Rxf8 31. Qf7 Qb8 32. Qb7 Qd8 33. Qe7 Qc8
34. h3 Qf5 35. Bd4 1-0

[Event "Ch BLR 2014"]
[Site "?"]
[Date "2014.01.13"]
[Round "7.4"]
[White "Lutsko, Igor"]
[Black "Maiorov, Nikita"]
[Result "1-0"]
[WhiteElo "2343"]
[BlackElo "2552"]
[PlyCount "83"]
[EventDate "2014.??.??"]

1. c4 e5 2. Nc3 Nc6 3. Nf3 Nf6 4. e3 Bb4 5. Qc2 a5 6. Be2 O-O 7. O-O Bxc3 8.
Qxc3 d5 9. cxd5 Nxd5 10. Qc2 Bg4 11. a3 Qe7 12. d3 Rad8 13. b3 f5 14. Bb2 e4
15. dxe4 fxe4 16. Nd4 Nxd4 17. Bxd4 Bxe2 18. Qxe2 Qg5 19. Rac1 c6 20. Rc5 Rd6
21. Rxa5 Rf3 22. Ra8+ Kf7 23. Bc5 Rg6 24. g3 Qh5 25. Qc4 Re6 26. Ra7 Kg6 27.
Rxb7 Kh6 28. Bd4 Rg6 29. Rc1 Qf5 30. Rc2 Qg4 31. a4 Rf5 32. Qe2 Qh3 33. Qf1 Qg4
34. a5 Nf6 35. b4 Nh5 36. Rc5 Rf8 37. Re5 Qf3 38. Rxh5+ Qxh5 39. a6 Rg4 40. Rc7
Rh4 41. Bxg7+ Kg6 42. gxh4 1-0

[Event "Ch BLR 2014"]
[Site "?"]
[Date "2014.01.13"]
[Round "7.5"]
[White "Kupreichik, Viktor"]
[Black "Stupak, Kirill"]
[Result "0-1"]
[WhiteElo "2455"]
[BlackElo "2505"]
[PlyCount "84"]
[EventDate "2014.??.??"]

1. e4 c6 2. Nc3 d5 3. d4 a6 4. Nf3 Bg4 5. h3 Bh5 6. Bf4 e6 7. Bd3 Bb4 8. O-O
Nf6 9. e5 Nfd7 10. g4 Bg6 11. Ne2 Be7 12. Kg2 c5 13. dxc5 Nxc5 14. b4 Nxd3 15.
cxd3 Bxb4 16. Rb1 Qa5 17. Qb3 Nc6 18. Ned4 Nxd4 19. Nxd4 Bc3 20. Qxb7 O-O 21.
Nc6 Qxa2 22. Rb3 d4 23. Rfb1 h6 24. Ne7+ Kh8 25. Qf3 Kh7 26. Rb7 Rae8 27. R1b6
Rxe7 28. Rxe7 Qc2 29. Bxh6 Bxd3 30. Qf4 Bg6 31. Bg5 a5 32. Kh2 Qe4 33. Qg3 d3
34. Bf4 d2 35. Rd7 Bd4 36. Rb8 Rxb8 37. Qh4+ Kg8 38. Rd8+ Rxd8 39. Qxd8+ Kh7
40. Qh4+ Bh5 41. Qxh5+ Kg8 42. Bxd2 Qe2 0-1

[Event "Ch BLR 2014"]
[Site "?"]
[Date "2014.01.13"]
[Round "7.7"]
[White "Teterev, Vitaly"]
[Black "Kocheev, Aleksandr"]
[Result "1-0"]
[WhiteElo "2507"]
[BlackElo "2391"]
[PlyCount "105"]
[EventDate "2014.??.??"]

1. Nf3 Nf6 2. g3 g6 3. Bg2 Bg7 4. c4 c6 5. O-O O-O 6. b3 d5 7. d4 dxc4 8. bxc4
c5 9. Bb2 cxd4 10. Nxd4 Nbd7 11. Nd2 a6 12. N2b3 Qc7 13. Rc1 e5 14. Nf3 e4 15.
Ng5 Re8 16. Qc2 e3 17. f4 Nc5 18. Be5 Rxe5 19. fxe5 Qxe5 20. Nxc5 Qxg5 21. Ne4
Qe5 22. Nxf6+ Bxf6 23. Qe4 Kg7 24. Qxe5 Bxe5 25. Bd5 f6 26. Rb1 Rb8 27. c5 Bg4
28. Bf3 Bxf3 29. Rxf3 Kf7 30. Kf1 Bd4 31. c6 b5 32. Rd1 Be5 33. Rxe3 Rc8 34.
Rc1 a5 35. Rd3 Ke6 36. Rc5 b4 37. Kg2 h5 38. h3 g5 39. Rc4 Rc7 40. Kf2 Bd6 41.
Ke1 a4 42. Kd2 Ra7 43. Kc2 Rc7 44. g4 hxg4 45. hxg4 Ke5 46. Kd2 Rc8 47. Ke3 Ke6
48. Re4+ Be5 49. Rxb4 Rxc6 50. Rxa4 f5 51. Kf3 Bc7 52. Raa3 Rc5 53. Rac3 1-0

[Event "Ch BLR 2014"]
[Site "?"]
[Date "2014.01.14"]
[Round "8.2"]
[White "Teterev, Vitaly"]
[Black "Aleksandrov, Aleksej"]
[Result "1/2-1/2"]
[WhiteElo "2507"]
[BlackElo "2578"]
[PlyCount "25"]
[EventDate "2014.??.??"]

1. Nf3 Nf6 2. g3 d5 3. Bg2 c6 4. c4 dxc4 5. O-O Nbd7 6. Na3 Nb6 7. Qc2 Be6 8.
Ng5 Bg4 9. Nxc4 Bxe2 10. Ne5 Bh5 11. Re1 Nbd7 12. d4 e6 13. Nexf7 1/2-1/2

[Event "Ch BLR 2014"]
[Site "?"]
[Date "2014.01.14"]
[Round "8.3"]
[White "Stupak, Kirill"]
[Black "Zhigalko, Andrey"]
[Result "1/2-1/2"]
[WhiteElo "2505"]
[BlackElo "2619"]
[PlyCount "112"]
[EventDate "2014.??.??"]

1. d4 Nf6 2. Nf3 g6 3. c4 Bg7 4. g3 c5 5. Bg2 Qa5+ 6. Qd2 Nc6 7. Qxa5 Nxa5 8.
dxc5 Ne4 9. Na3 Nxc5 10. Rb1 Nc6 11. b3 d6 12. Bb2 O-O 13. O-O Bf5 14. Bxg7
Kxg7 15. Rb2 a6 16. Rd1 Rab8 17. Nd4 Nxd4 18. Rxd4 Rfc8 19. e4 Bd7 20. Nc2 b5
21. Ne3 Ne6 22. Rdd2 bxc4 23. Nxc4 Bb5 24. Ne3 Rc1+ 25. Rd1 Rxd1+ 26. Nxd1 Rc8
27. Rd2 Rc1 28. f3 f5 29. exf5 gxf5 30. Kf2 f4 31. Bh3 Ng5 32. Bg2 e5 33. gxf4
exf4 34. h4 Nf7 35. Bf1 Nh6 36. Bxb5 axb5 37. Nb2 Nf5 38. Nd3 Rh1 39. Nxf4 Rh2+
40. Ke1 Rxh4 41. Ng2 Rh1+ 42. Kf2 b4 43. Rd3 Kf6 44. Ne3 Rh2+ 45. Kg1 Rxa2 46.
Nxf5 Kxf5 47. Rxd6 Rb2 48. Rh6 Rxb3 49. Kf2 Ke5 50. Rxh7 Kd4 51. Rd7+ Kc3 52.
Rc7+ Kd2 53. Rb7 Rb2 54. f4 Rc2 55. f5 Rc4 56. f6 Rf4+ 1/2-1/2

[Event "Ch BLR 2014"]
[Site "?"]
[Date "2014.01.14"]
[Round "8.4"]
[White "Kovalev, Vladislav"]
[Black "Lutsko, Igor"]
[Result "1-0"]
[WhiteElo "2562"]
[BlackElo "2343"]
[PlyCount "83"]
[EventDate "2014.??.??"]

1. d4 d5 2. Nc3 Nf6 3. Bf4 e6 4. e3 a6 5. Nf3 c5 6. dxc5 Bxc5 7. Bd3 Nc6 8. O-O
Bb4 9. Qd2 O-O 10. a3 Bd6 11. e4 d4 12. Bxd6 Qxd6 13. Ne2 e5 14. Nh4 Be6 15.
Ng3 Ne7 16. Rae1 Nd7 17. Nhf5 Bxf5 18. exf5 Nd5 19. Ne4 Qc6 20. g3 Rac8 21. Qg5
b5 22. Re2 f6 23. Qh5 Nc5 24. Nxc5 Qxc5 25. Re4 Qa7 26. Rh4 h6 27. Re1 Qf7 28.
Qf3 Rfd8 29. Ree4 Rc7 30. Qe2 Rdc8 31. Reg4 Kf8 32. Qd2 Ke8 33. Qa5 Rc6 34. a4
Qc7 35. Qe1 bxa4 36. Rxd4 Ne7 37. Rxa4 Rb8 38. Rag4 Kf8 39. Qd2 Rxb2 40. Rxg7
Rcxc2 41. Bxc2 Qxc2 42. Qd8+ 1-0

[Event "Ch BLR 2014"]
[Site "?"]
[Date "2014.01.14"]
[Round "8.5"]
[White "Kocheev, Aleksandr"]
[Black "Ziaziulkina, Nastassia"]
[Result "0-1"]
[WhiteElo "2391"]
[BlackElo "2386"]
[PlyCount "52"]
[EventDate "2014.??.??"]

1. d4 d5 2. Nc3 Nf6 3. Bf4 c6 4. e3 g6 5. Bd3 Bg7 6. h3 O-O 7. Nf3 Nbd7 8. O-O
c5 9. Nb5 a6 10. Bc7 Qe8 11. Nc3 b5 12. Re1 Bb7 13. a3 Ne4 14. Ne2 Rc8 15. Bh2
e5 16. c3 Qe7 17. a4 Nd6 18. dxe5 Nxe5 19. Nxe5 Bxe5 20. Nf4 b4 21. cxb4 cxb4
22. Qe2 Nc4 23. Rab1 a5 24. e4 Qc7 25. Bxc4 dxc4 26. Qf3 g5 0-1

[Event "Ch BLR 2014"]
[Site "?"]
[Date "2014.01.15"]
[Round "9.2"]
[White "Aleksandrov, Aleksej"]
[Black "Kocheev, Aleksandr"]
[Result "1-0"]
[WhiteElo "2578"]
[BlackElo "2391"]
[PlyCount "23"]
[EventDate "2014.??.??"]

1. d4 Nf6 2. c4 g6 3. Nc3 d5 4. cxd5 Nxd5 5. Bd2 Nb6 6. e4 Qxd4 7. Qc2 Qc5 8.
Be3 Qa5 9. b4 Qxb4 10. Rb1 Qa5 11. Rb5 Qa3 12. Bc5 1-0

[Event "Ch BLR 2014"]
[Site "?"]
[Date "2014.01.15"]
[Round "9.3"]
[White "Ziaziulkina, Nastassia"]
[Black "Nikitenko, Mihail"]
[Result "1/2-1/2"]
[WhiteElo "2386"]
[BlackElo "2101"]
[PlyCount "33"]
[EventDate "2014.??.??"]

1. e4 e5 2. Nf3 Nc6 3. Bb5 f5 4. d3 fxe4 5. dxe4 Nf6 6. O-O Bc5 7. Bxc6 bxc6 8.
Nxe5 O-O 9. Nc3 d6 10. Nd3 Bb6 11. Qe2 Bg4 12. Qe1 d5 13. e5 Nh5 14. Na4 Bf5
15. Bd2 Bxd3 16. cxd3 Bd4 17. g3 1/2-1/2

[Event "Ch BLR 2014"]
[Site "?"]
[Date "2014.01.15"]
[Round "9.4"]
[White "Lutsko, Igor"]
[Black "Teterev, Vitaly"]
[Result "0-1"]
[WhiteElo "2343"]
[BlackElo "2507"]
[PlyCount "168"]
[EventDate "2014.??.??"]

1. d4 Nf6 2. c4 g6 3. Nc3 Bg7 4. e4 d6 5. Nf3 O-O 6. Be2 Na6 7. O-O e5 8. Re1
Qe8 9. Bf1 Bg4 10. d5 Nb4 11. Be2 a5 12. Be3 Na6 13. Nd2 Bd7 14. b3 Kh8 15. a3
Ng8 16. b4 f5 17. f3 axb4 18. axb4 Nxb4 19. Qb3 c5 20. dxc6 Nxc6 21. Qxb7 Rb8
22. Qc7 Nd4 23. Bd3 Be6 24. Nb5 Rf7 25. Qa5 Qc6 26. Qa6 Rb6 27. Qa8 Bd7 28. Ra7
Qxa8 29. Rxa8 Rc6 30. Rea1 Ne6 31. Rb8 Rf8 32. Rb7 f4 33. Bf2 Nf6 34. Raa7 Bc8
35. Rb6 Rxb6 36. Bxb6 Nd7 37. Bc7 Ndc5 38. Bc2 Nxc7 39. Rxc7 Na6 40. Ra7 Rd8
41. Ra8 Bf6 42. Nb1 Nb4 43. Bb3 Be7 44. N1c3 Kg7 45. Ra4 Na6 46. Nd5 Kf8 47.
Ra5 Nc5 48. Ba4 Bb7 49. Nbc7 Rb8 50. Bb5 Bd8 51. Ra7 Bxc7 52. Nxc7 Rc8 53. Nd5
Ra8 54. Rxa8+ Bxa8 55. Nf6 h6 56. h4 Kf7 57. Ng4 Kg7 58. Kf1 Bb7 59. Ke2 Bc8
60. Nf2 Kf6 61. Bc6 g5 62. hxg5+ hxg5 63. Nd1 g4 64. Nc3 g3 65. Nd5+ Kf7 66.
Bb5 Be6 67. Bc6 Nb3 68. Ba4 Nd4+ 69. Kf1 Bc8 70. Bb5 Bb7 71. Nb4 Ke7 72. Ke1
Kd8 73. Ba4 Kc7 74. Nd5+ Kb8 75. Nf6 Ba6 76. Ne8 Bxc4 77. Nxd6 Be6 78. Nb5 Kb7
79. Nc3 Bc4 80. Be8 Nc2+ 81. Kd2 Ne3 82. Bb5 Bb3 83. Nd5 Bxd5 84. exd5 Kc7 0-1

[Event "Ch BLR 2014"]
[Site "?"]
[Date "2014.01.15"]
[Round "9.5"]
[White "Zhigalko, Andrey"]
[Black "Lomako, Pavel"]
[Result "1-0"]
[WhiteElo "2619"]
[BlackElo "2370"]
[PlyCount "124"]
[EventDate "2014.??.??"]

1. e4 c6 2. d4 d5 3. Nc3 g6 4. e5 Bg7 5. Bf4 Qb6 6. Qd2 Qxb2 7. Rb1 Qa3 8. Nf3
Qa5 9. Bd3 b6 10. O-O e6 11. Qc1 Ba6 12. Rd1 Bxd3 13. Rxd3 Qa6 14. Nd1 Bf8 15.
Ne3 Ne7 16. c4 dxc4 17. Ra3 Qb7 18. Nxc4 Nd5 19. Rab3 h6 20. Bxh6 Bxh6 21. Nd6+
Ke7 22. Nxb7 Bxc1 23. Rxc1 Nd7 24. Rxc6 Rac8 25. Rxc8 Rxc8 26. g3 Rc2 27. a3 f6
28. h4 fxe5 29. dxe5 a5 30. Kf1 a4 31. Rd3 Nc5 32. Nxc5 bxc5 33. Nd2 c4 34. Rd4
c3 35. Ne4 Rc1+ 36. Ke2 c2 37. Rc4 Nb6 38. Rc7+ Kd8 39. Kd2 Rd1+ 40. Kxc2 Re1
41. Rc6 Rxe4 42. Rxb6 Re2+ 43. Kc3 Rxf2 44. Rd6+ Ke7 45. Rd4 Rf3+ 46. Rd3 Rf5
47. Kd4 g5 48. h5 g4 49. h6 Rh5 50. Ke4 Rxh6 51. Rd4 Rh5 52. Rxa4 Rf5 53. Ra7+
Ke8 54. Ra6 Ke7 55. Rd6 Rf1 56. Rd3 Kf7 57. a4 Kg6 58. Ra3 Kg5 59. a5 Re1+ 60.
Kd4 Rd1+ 61. Kc5 Kf5 62. a6 Kxe5 1-0

[Event "Ch BLR 2014"]
[Site "?"]
[Date "2014.01.15"]
[Round "9.6"]
[White "Kupreichik, Viktor"]
[Black "Maiorov, Nikita"]
[Result "1/2-1/2"]
[WhiteElo "2455"]
[BlackElo "2552"]
[PlyCount "130"]
[EventDate "2014.??.??"]

1. e4 e5 2. Nf3 Nc6 3. Bb5 a6 4. Ba4 Nf6 5. O-O Be7 6. Re1 b5 7. Bb3 d6 8. a4
Bg4 9. c3 O-O 10. d3 Na5 11. Ba2 b4 12. Nbd2 Rb8 13. Nc4 Nxc4 14. Bxc4 Qc8 15.
d4 Nd7 16. h3 Bh5 17. Qd3 bxc3 18. bxc3 a5 19. Ba6 Qd8 20. Bb5 Bxf3 21. Qxf3
Bf6 22. Qg4 Nb6 23. d5 g6 24. c4 h5 25. Qf3 Bg5 26. c5 Bxc1 27. Rexc1 Nd7 28.
cxd6 cxd6 29. Bxd7 Qxd7 30. Rc6 Qd8 31. Rac1 Rb4 32. Ra6 Qh4 33. Re1 Qd8 34.
Rc1 Qh4 35. Rxa5 Rxe4 36. g3 Qg5 37. Qxe4 Qxc1+ 38. Kg2 Rc8 39. Ra7 Qd1 40. Qf3
Qxf3+ 41. Kxf3 Rc5 42. Ke4 Rc3 43. g4 Rxh3 44. Rd7 Ra3 45. Rxd6 Rxa4+ 46. Kxe5
Rxg4 47. Ra6 Rg5+ 48. Ke4 Kg7 49. d6 Rg1 50. Kd5 Kf6 51. Kc6 Ke6 52. Kc7 Rd1
53. Rc6 h4 54. Rc3 Rxd6 55. Re3+ Kd5 56. Rd3+ Ke4 57. Re3+ Kd5 58. Rd3+ Ke4 59.
Rxd6 h3 60. Rd8 g5 61. Rg8 f6 62. Rg6 Kf3 63. Rxf6+ Kg2 64. Rg6 h2 65. Rxg5+
Kxf2 1/2-1/2

[Event "Ch BLR 2014"]
[Site "?"]
[Date "2014.01.16"]
[Round "10.1"]
[White "Aleksandrov, Aleksej"]
[Black "Lutsko, Igor"]
[Result "1-0"]
[WhiteElo "2578"]
[BlackElo "2343"]
[PlyCount "81"]
[EventDate "2014.??.??"]

1. d4 d5 2. c4 c6 3. Nc3 Nf6 4. e3 e6 5. Nf3 Nbd7 6. Qc2 Bd6 7. Bd3 O-O 8. O-O
dxc4 9. Bxc4 a6 10. Rd1 Qc7 11. Bd2 c5 12. dxc5 Bxc5 13. Ne4 Be7 14. Rac1 b5
15. Nxf6+ Nxf6 16. Be2 Qxc2 17. Rxc2 Nd5 18. Nd4 Bf6 19. Nb3 Rb8 20. e4 Nb6 21.
Bb4 Re8 22. Bd6 Ra8 23. e5 Bg5 24. Nc5 Nd5 25. g3 Bd8 26. a4 bxa4 27. Ra1 Bb6
28. Nxa4 Ba7 29. Nc5 Bxc5 30. Rxc5 Bb7 31. Rca5 g5 32. R5a4 h6 33. h4 Kg7 34.
hxg5 hxg5 35. Rg4 f6 36. Re1 Rg8 37. Bf3 Rac8 38. exf6+ Kf7 39. Rd4 Bc6 40. Bg4
Bd7 41. Rxd5 1-0

[Event "Ch BLR 2014"]
[Site "?"]
[Date "2014.01.16"]
[Round "10.1"]
[White "Maiorov, Nikita"]
[Black "Zhigalko, Andrey"]
[Result "1/2-1/2"]
[WhiteElo "2552"]
[BlackElo "2619"]
[PlyCount "39"]
[EventDate "2014.??.??"]

1. d4 Nf6 2. c4 g6 3. Nf3 Bg7 4. g3 c5 5. d5 b5 6. Bg2 d6 7. O-O O-O 8. cxb5 a6
9. bxa6 Nxa6 10. Nc3 Qa5 11. Ne1 Rb8 12. Nc2 Nc7 13. a3 Bf5 14. Ne3 Bd7 15. Bd2
Ng4 16. Nxg4 Bxg4 17. b4 cxb4 18. axb4 Qxb4 19. Ra4 Qb3 20. Rxg4 1/2-1/2

[Event "Ch BLR 2014"]
[Site "?"]
[Date "2014.01.16"]
[Round "10.1"]
[White "Kovalev, Vladislav"]
[Black "Kupreichik, Viktor"]
[Result "1-0"]
[WhiteElo "2562"]
[BlackElo "2455"]
[PlyCount "77"]
[EventDate "2014.??.??"]

1. e4 c5 2. Nf3 d6 3. d4 cxd4 4. Nxd4 Nf6 5. Nc3 Bd7 6. Bg5 e6 7. Qd3 a6 8.
O-O-O Nc6 9. f4 h6 10. Bh4 g5 11. Nxc6 Bxc6 12. Bg3 Nh5 13. f5 Nxg3 14. Qxg3
Qd7 15. Be2 exf5 16. exf5 Qxf5 17. Bh5 Qf4+ 18. Qxf4 gxf4 19. Rhe1+ Be7 20. Nd5
Bxd5 21. Rxd5 Kd7 22. Bg4+ Kd8 23. Rf5 Rc8 24. Rxf7 Rc7 25. Re6 h5 26. Bf3 h4
27. h3 Bf8 28. Ref6 Rxf7 29. Rxf7 Ke8 30. Rc7 b6 31. Rc6 Rh7 32. Rxb6 Ra7 33.
b4 Kd7 34. Kd2 Kc7 35. Rc6+ Kd7 36. Bd5 Be7 37. a4 Bd8 38. a5 Bf6 39. Rb6 1-0

[Event "Ch BLR 2014"]
[Site "?"]
[Date "2014.01.16"]
[Round "10.1"]
[White "Stupak, Kirill"]
[Black "Ziaziulkina, Nastassia"]
[Result "1-0"]
[WhiteElo "2505"]
[BlackElo "2386"]
[PlyCount "63"]
[EventDate "2014.??.??"]

1. Nf3 d5 2. g3 Nf6 3. Bg2 c6 4. c4 dxc4 5. O-O Nbd7 6. Qc2 Nb6 7. a4 a5 8. Na3
g6 9. Nxc4 Nxc4 10. Qxc4 Bg7 11. e4 O-O 12. d3 Nd7 13. d4 e5 14. Bg5 Qc7 15. d5
Nb6 16. Qb3 cxd5 17. exd5 Bf5 18. Rac1 Qd6 19. Be3 Nd7 20. Qxb7 Rfb8 21. Qc6
Ra6 22. Qxd6 Rxd6 23. Nd2 Bd3 24. Nc4 Bxc4 25. Rxc4 f5 26. Rc6 Bf8 27. Rd1 Rxb2
28. Bf1 Rb8 29. Bb5 Nb6 30. Rdc1 Kg7 31. Rxd6 Bxd6 32. Rc6 1-0

[Event "Ch BLR 2014"]
[Site "?"]
[Date "2014.01.16"]
[Round "10.1"]
[White "Kocheev, Aleksandr"]
[Black "Nikitenko, Mihail"]
[Result "0-1"]
[WhiteElo "2391"]
[BlackElo "2101"]
[PlyCount "62"]
[EventDate "2014.??.??"]

1. e4 d6 2. d4 g6 3. Nc3 Bg7 4. h4 Nf6 5. Be2 c5 6. dxc5 Qa5 7. Bd2 Qxc5 8. Be3
Qa5 9. Qd2 a6 10. O-O-O h5 11. Nh3 Be6 12. a3 Nc6 13. Nf4 b5 14. Nxe6 fxe6 15.
f3 Rb8 16. Na2 b4 17. Bc4 Nd7 18. Bxe6 bxa3 19. Qxa5 axb2+ 20. Kb1 Nxa5 21. Bd2
Nb7 22. Bc3 Bxc3 23. Nxc3 Nbc5 24. Ba2 a5 25. Rd4 Rf8 26. Bc4 Rb4 27. Nd5 Ra4
28. Kxb2 e5 29. Rd2 Rxc4 30. c3 Kf7 31. Ne3 Rb8+ 0-1

[Event "Ch BLR 2014"]
[Site "?"]
[Date "2014.01.17"]
[Round "11.2"]
[White "Kupreichik, Viktor"]
[Black "Teterev, Vitaly"]
[Result "1/2-1/2"]
[WhiteElo "2455"]
[BlackElo "2507"]
[PlyCount "167"]
[EventDate "2014.??.??"]

1. e4 c5 2. Nf3 e6 3. d4 cxd4 4. Nxd4 a6 5. Bd3 Qc7 6. Qe2 Bc5 7. Nb3 Be7 8. a4
b6 9. Be3 Nc6 10. N1d2 Nf6 11. Nc4 Rb8 12. a5 bxa5 13. O-O O-O 14. e5 Nd5 15.
Bd2 Ndb4 16. Be4 f6 17. c3 f5 18. Bb1 Nd5 19. Bc2 Rb5 20. Nd6 Rb8 21. Nc4 a4
22. Nd4 Nxd4 23. cxd4 Bb7 24. Bxa4 Bc6 25. Rfc1 Bxa4 26. Rxa4 Qb7 27. Rca1 Rfc8
28. Ne3 Nf4 29. Qd1 Qb5 30. Rxa6 Qxb2 31. Nxf5 Nd5 32. R6a2 Qb6 33. Ra6 Qb2 34.
R6a2 Qb5 35. Ra5 Qd3 36. Rxd5 Qxf5 37. Rxd7 Bh4 38. Be3 Rb2 39. g3 Bg5 40. Rc1
Rxc1 41. Qxc1 Rb1 42. Bxg5 Qe4 43. Rd8+ Kf7 44. Qxb1 Qxb1+ 45. Kg2 Qe4+ 46. Kf1
Qh1+ 47. Ke2 Qxh2 48. Be3 Qg2 49. Rd7+ Kf8 50. Kd2 Qc6 51. Rd6 Qc4 52. g4 Qa2+
53. Kd3 Qb3+ 54. Ke2 h6 55. f3 Ke7 56. Kf2 Qd3 57. Rc6 Kf7 58. Rc7+ Kf8 59. Rd7
g5 60. Rd6 Qc2+ 61. Kg3 Qb3 62. Bf2 Qc4 63. Rd7 Kg8 64. Kg2 Qe2 65. Rc7 h5 66.
gxh5 g4 67. Rc3 Kh7 68. Kg3 gxf3 69. Rxf3 Kh6 70. Re3 Qd1 71. Re4 Kxh5 72. Rf4
Qd3+ 73. Kg2 Kg5 74. Rf8 Kg4 75. Rf6 Qe4+ 76. Kg1 Qb1+ 77. Kg2 Qe4+ 78. Kf1
Qb1+ 79. Ke2 Qc2+ 80. Ke3 Qc3+ 81. Ke2 Qc2+ 82. Ke3 Qc3+ 83. Ke2 Qc2+ 84. Ke3
1/2-1/2

[Event "Ch BLR 2014"]
[Site "?"]
[Date "2014.01.17"]
[Round "11.3"]
[White "Zhigalko, Andrey"]
[Black "Kovalev, Vladislav"]
[Result "1-0"]
[WhiteElo "2619"]
[BlackElo "2562"]
[PlyCount "105"]
[EventDate "2014.??.??"]

1. Nf3 Nf6 2. c4 g6 3. Nc3 Bg7 4. e4 d6 5. d4 O-O 6. Be2 e5 7. O-O Nc6 8. d5
Ne7 9. b4 Nh5 10. c5 Nf4 11. a4 f5 12. Bc4 fxe4 13. Nxe4 Bg4 14. Ra3 Nf5 15. h3
Bh5 16. Kh1 Nxg2 17. Bg5 Qe8 18. Kxg2 h6 19. Be2 hxg5 20. Nfxg5 Bxe2 21. Qxe2
Nd4 22. Qa2 Qe7 23. cxd6 cxd6 24. Rc3 Rad8 25. Rd1 Rf4 26. f3 Rdf8 27. Rdd3 Nf5
28. Qe2 Nd4 29. Qa2 Nf5 30. Kh2 Nd4 31. Qg2 Rd8 32. b5 Qd7 33. Rc4 Rdf8 34.
Rdc3 Qf5 35. Rc7 Bh6 36. Rxb7 Bxg5 37. Nxg5 e4 38. Rcc7 Rh4 39. Rg7+ Kh8 40.
Nf7+ Kxg7 41. Nxd6+ Kf6 42. Nxf5 Kxf5 43. fxe4+ Rxe4 44. Re7 Rxe7 45. Qf2+ Kg5
46. Qxf8 Re2+ 47. Kg1 Nf5 48. Qb4 Re3 49. Qd2 Kf6 50. d6 Re8 51. Qf2 Rd8 52.
Qxa7 Rxd6 53. a5 1-0

[Event "Ch BLR 2014"]
[Site "?"]
[Date "2014.01.17"]
[Round "112.4"]
[White "Nikitenko, Mihail"]
[Black "Stupak, Kirill"]
[Result "0-1"]
[WhiteElo "2101"]
[BlackElo "2505"]
[PlyCount "70"]
[EventDate "2014.??.??"]

1. e4 c6 2. d4 d5 3. Nc3 g6 4. h3 Bg7 5. Nf3 dxe4 6. Nxe4 Nd7 7. Bd3 Ngf6 8. c4
Nxe4 9. Bxe4 c5 10. Be3 Qa5+ 11. Qd2 Qxd2+ 12. Kxd2 f5 13. Bc2 O-O 14. g3 b6
15. d5 Bxb2 16. Rab1 Bf6 17. Bf4 Ba6 18. Bb3 Rfe8 19. Rhe1 e5 20. dxe6 Nf8 21.
Bg5 Bxg5+ 22. Nxg5 h6 23. Nf7 Nxe6 24. Ne5 Nd4 25. Kc3 Kg7 26. Ba4 Re6 27. Nd3
Re4 28. Nb2 Ne2+ 29. Kb3 Rd8 30. Rbd1 Rxd1 31. Rxd1 Nd4+ 32. Kc3 f4 33. Rd3 Re2
34. Rd2 fxg3 35. fxg3 Re3+ 0-1